Integrated technology transfer

Αποθηκεύτηκε σε:
Λεπτομέρειες βιβλιογραφικής εγγραφής
Κύριος συγγραφέας: Richardson, Jaccques
Μορφή: Βιβλίο
Γλώσσα:Undetermined
Έκδοση: Lomond Lomond Publications 1979
Θέματα:
Ετικέτες: Προσθήκη ετικέτας
Δεν υπάρχουν, Καταχωρήστε ετικέτα πρώτοι!
Thư viện lưu trữ: Trung tâm Học liệu Trường Đại học Cần Thơ
LEADER 00494nam a2200181Ia 4500
001 CTU_83664
008 210402s9999 xx 000 0 und d
082 |a 338.9 
082 |b R521 
100 |a Richardson, Jaccques 
245 0 |a Integrated technology transfer 
245 0 |c Jaccques Richardson 
260 |a Lomond 
260 |b Lomond Publications 
260 |c 1979 
650 |a Technology transfer 
904 |i QHieu(sửa) 
980 |a Trung tâm Học liệu Trường Đại học Cần Thơ